• 首页
  • 本馆介绍
  • 公告通知
  • 最新文献
  • 馆藏检索
  • 电子资源
  • 读者导购
  • 参考咨询
  • 我的图书馆
  • 登录
  • 详细信息显示
  • 放入我的书架
  • 预约/预借图书
  • 作者相关作品
  • 分类相关作品
  • 丛书相关作品
  • 出版社相关作品

书目信息

  • 表格格式
  • 工作单格式
  • 卡片格式
题名:
爱因斯坦全集
    
 
作者: Klein , Kox , JurgenRenn , RobertSchulmann 主编 ;戈革 译
分册: 第三卷   瑞士时期(1909-1911)
出版信息: 长沙   湖南科学技术出版社  2002
页数: 543页
开本: 26cm
丛书名:
单 册:
中图分类: N52
科图分类:
主题词: 自然科学--全集
电子资源:
ISBN: 7-5357-2344-6
000 00895nam0 2200265 45
001 0401061000
005 20040106142235.8
010    @a7-5357-2344-6@b精装@dCNY108.00
100    @a20040106d2002 km y0chiy0120 ea
101 0  @achi
105    @a z 000yy
200 1  @a爱因斯坦全集@AAi Yin Si Tan Quan Ji@h第三卷@i瑞士时期(1909-1911)@fMartin J.Klein,A.J.Kox,Jurgen Renn,Robert Schulmann主编@FMartin J.Klein,A.J.Kox,Jurgen Renn,Robert Schulmann Zhu Bian@g戈革译
210    @a长沙@c湖南科学技术出版社@d2002
215    @a543页@d26cm
517    @a瑞士时期(1909-1911)@ARui Shi Shi Qi(1909-1911)
600  0 @a爱因斯坦@x全集
606 0  @a自然科学@x全集
690    @aN52@v4
701  0 @aKlein@4主编
701  0 @aKox@4主编
701  0 @aJurgenRenn@4主编
701  0 @aRobertSchulmann@4主编
702  0 @a戈革@AGe Ge@4译
801    @aCN@bTSTC@c20040106
905    @b330884@dN52@e139:3@f1
    
    爱因斯坦全集.第三卷.瑞士时期(1909-1911)/Martin J.Klein,A.J.Kox,Jurgen Renn,Robert Schulmann主编/戈革译.-长沙:湖南科学技术出版社,2002
    543页;26cm
    
    
    ISBN 7-5357-2344-6(精装):CNY108.00
    
●
相关链接 在E读中查询图书 在五车中查询图书 在当当中查询图书 在豆瓣中查询图书


正题名:爱因斯坦全集     索取号:N52/139:3         预约/预借

序号 登录号 条形码 馆藏地/架位号 状态 备注
1 0330884   203308848   第二样本阅览室/ [索取号:N52/139:3] 在馆    
唐山师范学院图书馆 欢迎您!
大连网信软件有限公司© 版权所有